00282nam a2200133Ia 45000030006000000080041000060400015000471000017000622450020000792500011000992600009001105460012001190050017001310STCL150530s9999 xx 000 0 und d aSTCLcSTCL aRamsey, A.S. aDynamics part I aSecond c1985 aEnglish20220125170018.0